Nihon jinkō chizu /
Saved in:
| Main Author: | |
|---|---|
| Format: | Book |
| Language: | Japanese |
| Published: |
[Higashimurayama] Tōkyō :
Kyōikusha ; hanbai Kyōikusha Shuppan Sābisu,
[1978]
|
| Series: | Jiji mondai kaisetsu ;
no. 80. |
| Subjects: | |
| Tags: |
Add Tag
No Tags, Be the first to tag this record!
|
| LEADER | 01228nam a2200349 i 4500 | ||
|---|---|---|---|
| 001 | 007747149-0 | ||
| 005 | 20024617115958.0 | ||
| 008 | 900817s1978 ja a 000 0 jpn | ||
| 010 | |a 81801494 | ||
| 015 | |a Ja78-23809 | ||
| 035 | 0 | |a ocm22237465 | |
| 040 | |a DLC |c WaU |d *YNH* |d CStRLIN | ||
| 050 | 0 | |a HB3651 |b .K68 | |
| 100 | 1 | |6 880-01 |a Koyama, Masao, |d 1938- | |
| 245 | 1 | 0 | |6 880-02 |a Nihon jinkō chizu / |c Koyama Masao. |
| 260 | |6 880-03 |a [Higashimurayama] |b Kyōikusha ; |a Tōkyō : |b hanbai Kyōikusha Shuppan Sābisu, |c [1978] | ||
| 300 | |a 151 p. : |b ill. ; |c 18 cm. | ||
| 490 | 0 | |6 880-04 |a Nyūmon shinsho | |
| 490 | 1 | |6 880-05 |a Jiji mondai kaisetsu ; |v no. 80 | |
| 500 | |a Cover title. | ||
| 651 | 0 | |a Japan |x Population. | |
| 650 | 0 | |a Older people |z Japan. | |
| 650 | 0 | |a Labor supply |z Japan. | |
| 880 | 1 | |6 100-01 |a 小山雅夫, |d 1938- | |
| 880 | 1 | 0 | |6 245-02 |a 日本人口地図 / |c 小山雅夫. |
| 880 | |6 260-03 |a [東村山] : |b 教育社 ; |a 東京 : |b 販売教育社出版サービス, |c [1978] | ||
| 880 | 0 | |6 490-04 |a 入門新書 | |
| 880 | 1 | |6 490-05 |a 時事問題解說 ; |v no. 80 | |
| 830 | 0 | |6 880-55 |a Jiji mondai kaisetsu ; |v no. 80. | |
| 880 | 0 | |6 830-55 |a 時事問題解說 ; |v no. 80. | |
| 988 | |a 20021214 | ||
| 906 | |0 DLC | ||


